Apuntes sobre El mercader de Venecia/ (Record no. 170548)
[ view plain ]
| 000 -CABECERA | |
|---|---|
| campo de control de longitud fija | 00742nam a2200217 u 4500 |
| 005 - FECHA Y HORA DE LA ÚLTIMA TRANSACCIÓN | |
| campo de control | 20210223132413.0 |
| 008 - ELEMENTOS DE LONGITUD FIJA--INFORMACIÓN GENERAL | |
| campo de control de longitud fija | 140701s2005 r 000 0 eng d |
| 020 ## - NÚMERO INTERNACIONAL NORMALIZADO PARA LIBROS | |
| Número Internacional Estándar del Libro | 9685981272 |
| 035 ## - NÚMERO DE CONTROL DEL SISTEMA | |
| Número de control de sistema | UPN01000198447 |
| 049 ## - COLECCIÓN | |
| Colección | CG |
| 050 #4 - SIGNATURA TOPOGRÁFICA DE LA BIBLIOTECA DEL CONGRESO | |
| Número de clasificación | PR2825 |
| Número de documento/Ítem | A6.8 |
| 245 00 - MENCIÓN DE TÍTULO | |
| Título | Apuntes sobre El mercader de Venecia/ |
| Mención de responsabilidad, etc. | ed., tr. y notas Martín Casillas. |
| 260 ## - PUBLICACIÓN, DISTRIBUCIÓN, ETC. | |
| Lugar de publicación, distribución, etc. | México : |
| Nombre del editor, distribuidor, etc. | El Globo Rojo, |
| Fecha de publicación, distribución, etc. | 2005. |
| 300 ## - DESCRIPCIÓN FÍSICA | |
| Extensión | 143 p. |
| 440 #0 - MENCIÓN DE SERIE/ASIENTO SECUNDARIO--TÍTULO | |
| Título | Cuadernos del taller de lectura de Shakespeare ; |
| Designación de volumen o secuencia | 15 |
| 600 14 - ASIENTO SECUNDARIO DE MATERIA - NOMBRE PERSONAL | |
| Nombre de persona | SHAKESPEARE, WILLIAM, |
| Fechas asociadas al nombre | 1564-1616. |
| Título de la obra | EL MERCADER DE VENECIA |
| 9 (RLIN) | 23362 |
| 600 14 - ASIENTO SECUNDARIO DE MATERIA - NOMBRE PERSONAL | |
| Nombre de persona | SHAKESPEARE, WILLIAM, |
| Fechas asociadas al nombre | 1564-1616 - |
| Subdivisión general | CRITICA TEXTUAL |
| 9 (RLIN) | 23348 |
| 700 1# - ASIENTO SECUNDARIO--NOMBRE DE PERSONAL | |
| Nombre de persona | Casillas de Alba, Martín, |
| Fechas asociadas al nombre | 1941- |
| Término indicativo de función/relación | ed. |
| 9 (RLIN) | 34007 |
| 905 ## - TIPO DE MATERIAL | |
| Tipo de material | Libro |
| Estado de retiro | Estado de pérdida | Fuente del sistema de clasificación o colocación | Estado dañado | No para préstamo | Código de colección | Localización permanente | Ubicación/localización actual | Ubicación en estantería | Total de préstamos | Clasificación | Código de barras | Fecha visto por última vez | Número de copia | Tipo de ítem Koha |
|---|---|---|---|---|---|---|---|---|---|---|---|---|---|---|
| Library of Congress Classification | Colección General | Bib. Gregorio Torres Quintero | Bib. Gregorio Torres Quintero | Planta baja | PR2825 A6.8 | 297733 | 31/12/2020 | 1 | Libro |
